เปลี่ยนเป็นภาษาไทย

Change to English
 แสดงรายละเอียดบรรณานุกรม
  กลับหน้าหลัก

Brief Record : Get Marc (ISO 2709) : E-mail record : QR code < ปิดหน้าต่าง
mysqli: Table './ulib62015/stat_globaluid' is marked as crashed and should be repaired
select id from stat_globaluid where statuid='20260517234239_4820' 
mysqli: Table './ulib62015/stat_globaluid' is marked as crashed and should be repaired
DELETE FROM stat_globaluid
			WHERE id NOT IN (
			  SELECT id
			  FROM (
				SELECT id
				FROM stat_globaluid
				ORDER BY id DESC
				LIMIT 100
			  ) foo
			); 
mysqli: Table './ulib62015/stat_globaluid' is marked as crashed and should be repaired
insert into stat_globaluid set
		statuid='20260517234239_4820',
		dt='1779036159',
		phpself='/ULIB62015/dublinfull.php',
		agent='Mozilla/5.0 AppleWebKit/537.36 (KHTML, like Gecko; compatible; ClaudeBot/1.0; +claudebot@anthropic.com)',
		yea='2026',
		mon='5',
		dat='17',
		ip='216.73.216.45'
		
		
mysqli: Table './ulib62015/stathist_viewbib_bib_type' is marked as crashed and should be repaired
insert into stathist_viewbib_bib_type set 
		dat='17' ,
		 mon='05' ,
		  yea='2026' ,
			 statuid='20260517234239_4820' ,
			 head='32249' ,
			 foot='marc' ,
			 dt='1779036159' 
		
LEADER : 01174nam 2200277 a 4500
001    32249
003     ULIB
008    030417s2553 caua sb 001 0 eng
060    ^aศ439ร ล2/ฉ3
082    ^aนว
100    ^aศิรกรรณ
245    ^aMust be love ...รักนี้ชุลมุน 2
945    ^p0^l0^i012517
945    ^p0^l0^i012518
999     ^aKey new Using ULIBM easy add form
รายการนี้ยังไม่มีแท็ก
คุณยังไม่ได้ล็อกอิน คุณสามารถมีกิจกรรมร่วมกับเว็บไซต์ได้ แต่ต้องล็อกอินก่อน ::
  ล็อกอิน
  One Stop Service : ศูนย์ให้บริการแบบเบ็ดเสร็จ   จัดการหนังสือโปรด   แจ้งรายการบรรณานุกรมผิดพลาด
ลำดับที่ ประเภท เลขเรียก/บาร์โค้ด สถานที่ สถานะ
1. นวนิยาย
นวนิยาย
นว 2553  
  Barcode: 012517
นวนิยาย บนชั้น
  ขอยืม
2. นวนิยาย
นวนิยาย
นว ศ439ร 2553 ฉ.2/ล.2 
  Barcode: 012518
นวนิยาย บนชั้น
  ขอยืม

รายการใกล้เคียง
    ผู้แต่ง [ศิรกรรณ]

BibComment


ยังไม่เคยถูกคอมเมนท์

คอมเมนท์ทรัพยากรรายการนี้
  คอมเมนท์: Must be love รัก..
Bib 32249

 
 
 

 Union Library Management : ULibM
Copyright 2026. All Rights Reserved.